000 01271cam a22003374a 4500
001 13670548
003 OSt
005 20160722151131.0
008 040729s2003 enka b 001 0 eng
010 _a 2004274270
020 _a9780340948408
040 _cDNLM.
042 _apcc
050 0 0 _aRC311
_b.C655 2003
082 0 4 _2WC475C611d 2008
100 _aEdited by Davies,DO.Peter;Barnes,F.Peter;Gordon,B.stephen;
_910371
245 0 0 _aClinical tuberculosis /
_c.
250 _a4th ed.
260 _aLondon :
_bArnold ;
_aNew York :
_c2008
300 _a555 p. :
_bill. (some col.), maps ;
_c27 cm.
504 _aIncludes bibliographical references and index.
650 0 _aTuberculosis.
_92601
650 2 _aTuberculosis.
_92601
700 1 _aDavies, P. D. O.
_93194
856 4 2 _3Publisher description
_uhttp://www.loc.gov/catdir/enhancements/fy0620/2004274270-d.html
856 4 1 _3Table of contents only
_uhttp://www.loc.gov/catdir/enhancements/fy0620/2004274270-t.html
856 4 2 _3Contributor biographical information
_uhttp://www.loc.gov/catdir/enhancements/fy1302/2004274270-b.html
906 _a7
_bcbc
_corigcop
_d2
_encip
_f20
_gy-gencatlg
942 _2z
_cO_SHELF
999 _c4833
_d4833